000
00306nam a22001337a 4500
008
170302b xxu||||| |||| 00| 0 eng d
020
_a
9781416035305
041
_a
eng
080
_a
616.073
100
_a
6
101
_a
SHM
245
_a
MAGNETIC RESONANCE IMAGING CLINICS
_c
DELANO.M.C
942
_2
udc
_c
BK
999
_c
6564
_d
6564